Score 0/18 Timer 02:00
2 Plays Today
Clue 5-Letter Word % Correct
What most people are during the dayAWAKE
88.4%
What most people do at nightSLEEP
86.2%
Animal that gets [Rung 7] for woolSHEEP
86%
Great White or Mako, e.g.SHARK
85%
Surprise with horror or electricitySHOCK
82.8%
'Love ___': B-52's hitSHACK
80.7%
To jointly use somethingSHARE
79.8%
Prize or grantAWARD
77.7%
CognizantAWARE
75.7%
Clue 5-Letter Word % Correct
Excalibur or Hrunting, e.g.SWORD
75.3%
'___ full o'nuts' coffeeCHOCK
74.8%
Sound a little bird makesCHEEP
74.6%
Where one applies rougeCHEEK
74.4%
Land along the coastSHORE
73.6%
Mark put in a boxCHECK
71.3%
Like testimony, under oathSWORN
61%
A grassy area of landSWARD
58.8%
[Rung 17] after the wool has been removedSHORN
56.3%

Today's Daily Dose

Remove Ads.
Support Sporcle.
Get the best of Sporcle when you Go Orange. This ad-free experience offers more features, more stats, and more fun while also helping to support Sporcle. Thank you for becoming a member.

You're not logged in!

Compare scores with friends on all Sporcle quizzes.
OR
Log In

Show Comments

Extras

Top Quizzes Today


Score Distribution

Your Account Isn't Verified!

In order to create a playlist on Sporcle, you need to verify the email address you used during registration. Go to your Sporcle Settings to finish the process.

Report this User

Report this user for behavior that violates our Community Guidelines.

Details: